| 000 | 004340000a22001810004500 | ||
|---|---|---|---|
| 003 | MACL | ||
| 005 | 20151230163518.0 | ||
| 008 | 151230b xxu||||| |||| 00| 0 eng d | ||
| 040 |
_aMACL _cMACL |
||
| 041 | _aEnglish | ||
| 082 | _a732/MUN | ||
| 100 |
_aNehru, Jawaharlal _93957 |
||
| 245 | _aIndian Temple Sculpture | ||
| 260 |
_bRupa Co _c1956 _aCalcutta |
||
| 350 | _a100 | ||
| 650 |
_aSculpture _97273 |
||
| 942 |
_cBK _k732/NEH _2ddc |
||
| 999 |
_c36137 _d36137 |
||